The perfect getaway; (Record no. 17251)

MARC details
000 -LEADER
fixed length control field 00631cam a22002171 4500
001 - CONTROL NUMBER
control field ca 34000217
003 - CONTROL NUMBER IDENTIFIER
control field DLC
005 - DATE AND TIME OF LATEST TRANSACTION
control field 20260227111130.0
008 - FIXED-LENGTH DATA ELEMENTS--GENERAL INFORMATION
fixed length control field 890510s1934 mauae 000 0 eng
010 ## - LIBRARY OF CONGRESS CONTROL NUMBER
LC control number ca 34000217
035 ## - SYSTEM CONTROL NUMBER
System control number (OCoLC)19687339
040 ## - CATALOGING SOURCE
Original cataloging agency DLC
Transcribing agency RPB
Modifying agency DLC
042 ## - AUTHENTICATION CODE
Authentication code premarc
050 00 - LIBRARY OF CONGRESS CALL NUMBER
Classification number PS3525.A2777
Item number P4 1934
082 ## - DEWEY DECIMAL CLASSIFICATION NUMBER
Classification number 812.5
100 1# - MAIN ENTRY--PERSONAL NAME
Personal name McMullen, J. C.
Fuller form of name (Joseph Carl),
Dates associated with a name 1882-
245 14 - TITLE STATEMENT
Title The perfect getaway;
Remainder of title a comedy in three acts,
Statement of responsibility, etc. J.C. McMullen ...
260 ## - PUBLICATION, DISTRIBUTION, ETC.
Place of publication, distribution, etc. Boston,
Name of publisher, distributor, etc. Walter H. Baker Company
Date of publication, distribution, etc. [c1934]
300 ## - PHYSICAL DESCRIPTION
Extent 147 p.
Other physical details illus. (plan)
Dimensions 19 cm.
440 #0 - SERIES STATEMENT/ADDED ENTRY--TITLE
Title Baker's royalty plays

No items available.

Powered by Koha